005140000a22001450004500090001700000245004800017041001400065700003700079700003600116700003500152100004600187942001300233773010500246999001700351 aASbSeriadas10aEcología química en hongos y líquenes0 aEspañol1 aGarcía Castellano, Ana91002261 aLeón Oyola, Francisco91002271 aBermejo Barrera, Jaime91002281 aToledo Marentes, Francisco Javier9100229 cARTICULO1 tRevista de la Academia Colombiana de Ciencias Exactas, Físicas y Naturalesh109q509-528d2004g28 c15976d15976